000 00588nam a2200241Ia 4500
008 170203s9999 xx 000 0 und d
020 _a0-590680366
050 _aFic
050 _b.C284a 1997
100 _aCarlson, Nancy
245 _aABC I Like Me! /
245 _cNancy Carlson.
260 _aU.S.A
260 _bScholastic Inc.,
260 _c1997
300 _bcol. ill. ;
300 _c26 cm.
650 _aEnglish language--Alphabet--
650 _aSelf-esteem--
650 _aSelf-esteem.
650 _xJuvenile literature.
650 _xJuvenile literature.
999 _c306001
_d306001